| Registos Bibliográficos associados ao registo de autoridade |
|
Etiqueta de registo: 00254nam 2200025 450 001 2285452 003 http://id.bnportugal.gov.pt/bib/catbnp/2285452 010 ## $a978-989-589-485-7 021 ## $aPT$b562269/26 100 ## $a20260429d2026 m y0pory01030103ba 101 1# $apor$ceng 102 ## $aPT 105 ## $aa z 000ay 106 ## $ar 200 1# $aReino dos remanescentes.$hLivro 2,$i The sea spinner - As espirais do oceano$fJulie Johnson$gtrad. Ana Rita Mendes 205 ## $a1ª ed 210 #9 $aLisboa$cSecret Society,$d2026 215 ## $a595, [13] p.$cil.$d23 cm 304 ## $aTít. orig.: The sea spinner 675 ## $a821.111(73)-312.9"20"$vBN$zpor$31237979 700 #1 $aJohnson,$bJulie,$f1991-$31733830 702 #1 $aMendes,$bAna Rita$4730$31358094 801 #0 $aPT$bBN$gRPC 856 41 $uhttp://rnod.bnportugal.gov.pt/ImagesBN/winlibimg.aspx?skey=&doc=2285452&img=222799&save=true 900 ## $aBIBNAC$d20260612 966 ## $lBN$mFGMON$sL. 181955 V.$x1 966 ## $lBN$mFGMON$sL. 181955 V.-D$x1 971 ## $corlando$d20260429 972 ## $e0$z0$d20260612$vlrevez 973 ## $caalmeid$d20260528 975 ## $e0$d20260617$viquintas
Etiqueta de registo: 00000nam 2200025 450 001 2007051 003 http://id.bnportugal.gov.pt/bib/catbnp/2007051 010 ## $a978-989-741-965-2 021 ## $aPT$b441761/18 100 ## $a20191203d2018 m y0pory01030103ba 101 1# $apor$ceng 102 ## $aPT 105 ## $ay z 000ay 106 ## $ar 200 1# $aNuma ilha deserta$e uma história de amor e sobrevivência$fJulie Johnson$gtrad. Paulo Moreira 205 ## $a1ª ed 210 #9 $aAlfragide$cQuinta Essência,$d2018 215 ## $a244 p.$d24 cm 304 ## $aTít. orig.: Uncharted 675 ## $a821.111(73)-31"20"$vBN$zpor$31044941 700 #1 $aJohnson,$bJulie,$f1991-$31733830 702 #1 $aMoreira,$bPaulo$4730$3813512 801 #0 $aPT$bBN$gRPC 856 41 $uhttp://rnod.bnportugal.gov.pt/ImagesBN/winlibimg.aspx?skey=&doc=2007051&img=117520&save=true 900 ## $aBIBNAC$d20181207 966 ## $lBN$mFGMON$sL. 146225 V.$x1 966 ## $lBN$mFGMON$sL. 146225 V.-D$x1
Etiqueta de registo: 00254nam 2200025 450 001 2230115 003 http://id.bnportugal.gov.pt/bib/catbnp/2230115 010 ## $a978-989-583-321-4 021 ## $aPT$b543973/25 100 ## $a20251030d2025 m y0pory01030103ba 101 1# $apor$ceng 102 ## $aPT 105 ## $aa z 000ay 106 ## $ar 200 1# $aReino dos remanescentes.$hLivro 1,$i The wind weaver - As teias do vento$fJulie Johnson$gtrad. Ana Rita Mendes 205 ## $a1ª ed 210 #9 $aLisboa$cSecret Society,$d2025 215 ## $a608, [16] p.$cil.$d23 cm 675 ## $a821.111(73)-312.9"20"$vBN$zpor$31237979 700 #1 $aJohnson,$bJulie,$f1991-$31733830 702 #1 $aMendes,$bAna Rita$4730$31358094 801 #0 $aPT$bBN$gRPC 856 41 $uhttp://rnod.bnportugal.gov.pt/ImagesBN/winlibimg.aspx?skey=&doc=2230115&img=214468&save=true 900 ## $aBIBNAC$d20251111 966 ## $lBN$mFGMON$sP. 71138 V.$x1 966 ## $lBN$mFGMON$sP. 71138 V.-D$x1 971 ## $cisantos$d20251030 973 ## $caalmeid$d20251103 975 ## $e0$d20251111$viquintas
|
|
|